000 00401nam a2200181Ia 4500
008 230512s9999 xx 000 0 und d
041 _aeng
082 _a6.74
100 _aFARRAR E/SMITH N
245 _aTHE HTML - EXAMPLE BOOK
250 _a1
260 _bBPB PUBLICATIONS NEW DELHI
300 _a492
365 _b189
500 _aPaper Back
520 _aGeneral
650 _aComputer
999 _c412709
_d412709